Statistics for Diplomatic Relations of El Salvador

Click here to take the quiz!

General Stats

  • This quiz has been taken 29 times
  • The average score is 10 of 13

Answer Stats

Country% Correct
Mexico
96%
United States of America
96%
Guatemala
93%
Canada
82%
China
82%
Japan
79%
Spain
79%
France
75%
Russia
71%
South Korea
57%
Cuba
54%
Belize
50%
India
50%

Score Distribution

Percentile by Number Answered

Percent of People with Each Score

Your Score History

You have not taken this quiz